000 00393nam a2200157Ia 4500
008 220530s9999 xx 000 0 und d
020 _a81-219-1762
041 _aeng
082 _a420
_bKAP
100 _aKapoor A N
_954470
245 _aGeneral English For Competitions
250 _a1st
260 _aNew Delhi
_bS Chand
_c2008
300 _aI to XI, 1 to 524
_bPB
906 _a68.67
_bALIED
999 _c49809
_d49809